000 00510nam a2200205Ia 4500
005 20250317070826.0
008 240331s9999 xx 000 0 und d
020 _a8120715810
082 _a301
_bGIR
_25103
100 _aGirod, R
245 0 _aProblems of Sociology in Education
260 _aNew Delhi,
_bSterling Publishers Private Limited
_c1989
300 _a159 p.,
650 _aSociology
650 _aKnowledge
650 _aInequality
650 _aEducation
650 _aSociety
942 _cL
999 _c1011
_d1011